Normas de higiene y seguridad Laboral para cada puesto de trabajo en la planta de cárnicos de la Universidad Nacional de Ingeniería ubicada en el Recinto Universitario Simón Bolívar
Presenta propuesta de Normas de higiene y seguridad Laboral para cada puesto de trabajo en la planta de cárnicos FIQ - UNI, incluye valoración de las condiciones por puestos de trabajo y análisis de riesgos existentes.
| Main Authors: | , , |
|---|---|
| Other Authors: | |
| Format: | Tesis Section = Libro |
| Language: | Undetermined Spanish |
| Published: |
Managua
UNI
2011
|
| Subjects: |
| LEADER | 01203nam a2200265Ia 4500 | ||
|---|---|---|---|
| 008 | 240830s9999 xx 000 0 und d | ||
| 040 | |a BIBLIOTECA-RUPAP Mon 658.38 Ch512 | ||
| 041 | |a spa | ||
| 082 | |a Mon 658.38 Ch512 | ||
| 100 | 1 | |a Chavarría Torres, Yosselinne Karina | |
| 100 | 1 | |b Chávez Ocon, Mariling del Socorro | |
| 100 | 1 | |c Pineda Pérez, Jessennia del Socorro | |
| 245 | 1 | 0 | |a Normas de higiene y seguridad Laboral para cada puesto de trabajo en la planta de cárnicos de la Universidad Nacional de Ingeniería ubicada en el Recinto Universitario Simón Bolívar |
| 260 | |a Managua |b UNI |c 2011 | ||
| 300 | |a 122 p. :il. | ||
| 500 | |a Contiene: anexos. | ||
| 502 | |a Tesis (Ingeniero Industrial)- UNI, 2011. | ||
| 520 | 3 | |a Presenta propuesta de Normas de higiene y seguridad Laboral para cada puesto de trabajo en la planta de cárnicos FIQ - UNI, incluye valoración de las condiciones por puestos de trabajo y análisis de riesgos existentes. | |
| 650 | 7 | |a SEGURIDAD INDUSTRIAL | |
| 650 | 7 | |b HIGIENE Y SEGURIDAD EN EL TRABAJO | |
| 650 | 7 | |c PREVENCION DE ACCIDENTES | |
| 700 | 1 | |a Tutor: |b Gutiérrez Martínez, Marbel Evaristo | |
| 942 | |c BK |2 ddc | ||
| 991 | |a TESIS | ||
| 999 | |c 17100 | ||